Loading...
| Science - Biology | 0 | 5 | 1 | 0 | 45 | 26 | 40.40 | 4 | 5 | 0.00 | 0.00 |
| History - Other | 0 | 4 | 1 | 0 | 35 | 49 | 65.25 | 2 | 4 | 0.00 | 0.00 |
| Science - Chemistry | 0 | 4 | 1 | 1 | 35 | 34 | 61.75 | 2 | 2 | 0.00 | 0.00 |
| Fine Arts - Visual | 0 | 3 | 0 | 0 | 30 | 60 | 79.33 | 1 | 3 | 0.00 | 0.00 |
| History - European | 0 | 3 | 0 | 0 | 30 | 81 | 95.33 | 0 | 1 | 0.00 | 0.00 |
| Mythology | 0 | 3 | 0 | 2 | 30 | 122 | 131.00 | 0 | 0 | 0.00 | 0.00 |
| Science - Physics | 0 | 3 | 0 | 0 | 30 | 44 | 49.00 | 0 | 2 | 0.00 | 0.00 |
| History - World | 0 | 2 | 0 | 0 | 20 | 67 | 71.50 | 0 | 1 | 0.00 | 0.00 |
| Science - Other | 0 | 2 | 0 | 0 | 20 | 78 | 87.00 | 0 | 1 | 0.00 | 0.00 |
| Philosophy | 0 | 2 | 0 | 2 | 20 | 111 | 115.50 | 0 | 0 | 0.00 | 0.00 |
| Religion | 0 | 2 | 1 | 0 | 15 | 85 | 110.00 | 1 | 2 | 0.00 | 0.00 |
| History - American | 0 | 2 | 1 | 1 | 15 | 52 | 78.00 | 1 | 1 | 0.00 | 0.00 |